000 00633nam a2200265Ia 4500
005 20260324152954.0
008 008 260324s9999 xx 000 0 eng d
020 _a9781782423812
037 _aEBOOK
040 _aCRL
040 _beng
040 _cCRL
041 _2eng
041 _aeng
084 _qCRL
100 _aPoursaee, Amir
_91230249
245 0 _aCorrosion of Steel in Concrete Structures
260 _bElsevier
260 _c2016
650 _aEngineering
856 _uhttps://www.sciencedirect.com/science/book/9781782423812
942 _cEBOOK
999 _c1841315
_d1841315